书目信息 |
| 题名: |
当代世界教育思潮与各国教改趋势
|
|
| 作者: | 王义高 主编 | |
| 分册: | ||
| 出版信息: | 北京 北京师范大学出版社 1998 |
|
| 页数: | 277页 | |
| 开本: | 20cm | |
| 丛书名: | ||
| 单 册: | ||
| 中图分类: | G40-091 , G511 | |
| 科图分类: | ||
| 主题词: | 教育思想--世界--现代 , 教育思想 , 教育改革--世界--现代 , 教育改革 | |
| 电子资源: | ||
| ISBN: | 7-303-04695-X | |
| 000 | 00781nam0 2200265 450 | |
| 001 | 1533945642 | |
| 005 | 20150206092558.81 | |
| 010 | @a7-303-04695-X@dCNY12.50 | |
| 100 | @a19990227d1998 kemy0chiy0110 ea | |
| 101 | 0 | @achi |
| 102 | @aCN@b110000 | |
| 105 | @ay z 000yy | |
| 200 | 1 | @a当代世界教育思潮与各国教改趋势@9dang dai shi jie jiao yu si chao yu ge guo jiao gai qu shi@f王义高主编 |
| 210 | @a北京@c北京师范大学出版社@d1998 | |
| 215 | @a277页@d20cm | |
| 300 | @a北京市社会科学理论著作出版基金资助 | |
| 606 | 0 | @a教育思想@y世界@z现代 |
| 606 | 0 | @a教育思想 |
| 606 | 0 | @a教育改革@y世界@z现代 |
| 606 | 0 | @a教育改革 |
| 690 | @aG40-091@v5 | |
| 690 | @aG511@v5 | |
| 701 | 0 | @a王义高@9wang yi gao@4主编 |
| 801 | 0 | @aCN@bTSSF@c20150206 |
| 905 | @aZUCC@dG40-091@eJY9 | |
| 当代世界教育思潮与各国教改趋势/王义高主编.-北京:北京师范大学出版社,1998 |
| 277页;20cm |
| 北京市社会科学理论著作出版基金资助 |
| ISBN 7-303-04695-X:CNY12.50 |
| ● |
| 相关链接 |
|
|
|
|
正题名:当代世界教育思潮与各国教改趋势
索取号:G40-091/JY9
 
预约/预借
| 序号 | 登录号 | 条形码 | 馆藏地/架位号 | 状态 | 备注 |
| 1 | 7866012 | 278660129 | 学院路分馆/ [索取号:G40-091/JY9] | 在馆 |